Statistics for The Moment I Knew lyrics

Click here to take the quiz!

General Stats

  • This quiz has been taken 172 times
  • The average score is 313 of 342

Answer Stats

Lyrics% Correct
I
100%
the
100%
a
99%
do
99%
that
99%
there
99%
you
99%
You
99%
you"
99%
knew
98%
moment
98%
was
98%
who
98%
and
96%
And
96%
be
96%
"He
96%
in,
96%
in
96%
it"
96%
it
96%
my
96%
on
96%
one
96%
to
96%
by
95%
I'm
95%
"I'm
95%
like
95%
been
94%
But
94%
but
94%
dress
94%
here
94%
here"
94%
is
94%
me
94%
no
94%
red
94%
so
94%
they
94%
with
94%
door
93%
door,
93%
"Happy
93%
happy
93%
lipstick
93%
party
93%
Should've
93%
should've
93%
through
93%
when
93%
"Baby,
92%
impress
92%
missing
92%
motion,
92%
slow
92%
smile
92%
standing
92%
what
92%
What
92%
would've
92%
as
91%
know?
91%
know
91%
of
91%
right
91%
said
91%
said,
91%
thing
91%
your
91%
felt
89%
you'd
89%
all
88%
how
88%
down
87%
everyone
87%
for
87%
just
87%
around
86%
didn't
86%
million
86%
say
86%
birthday
85%
I've
85%
laughing
85%
waiting
85%
walk
85%
ask
84%
eye
84%
friends
84%
front
84%
he'd
84%
stars
84%
streaming
84%
they're
84%
burst
82%
face
82%
most
82%
show?
82%
tears
82%
singing,
81%
are
80%
bathroom,
80%
Christmas
80%
shining
80%
something
80%
sorry
80%
sorry,
80%
time
80%
too"
80%
try
80%
wrong,
80%
glisten
79%
got
79%
lights
79%
looking
79%
means
79%
memory
79%
not
79%
room
79%
always
78%
make
78%
seem
78%
hall
76%
hours
76%
pass
76%
People
76%
wanna
76%
about
75%
Oh
75%
Oh,
75%
there's
75%
alone,
74%
called
74%
close
74%
really
74%
aligned
73%
apart
73%
asking
73%
later
73%
back
72%
follow
72%
had
72%
fall
71%
feeling
71%
ticking
71%
sinking
69%
starts
69%
hopelessly,
68%
Now
67%
comb
65%

Score Distribution

Percentile by Number Answered

Percent of People with Each Score

Your Score History

You have not taken this quiz